000 01535nam a2200337 a 4500
001 BRCA_3335
005 20190320204229.0
008 250309s1885----enka---###---#000-0#eng-#
041 _aeng
044 _aenk
084 _a629
_b.R68
_c1885
100 1 _aCervantes Saavedra, Miguel de
_d1547-1616
_9213
245 1 0 _aAdventures of Don Quixote de la Mancha
_cTranslated from the Spanish of Miguel de Cervantes Saavedra by Charles Jarvis.
260 _aLondres : Nueva York
_bGeorge Routledge and Sons
_c1885
300 _a1 v. en 2 partes (xii, 351 p.)
_bil.
_c25 cm.
440 0 _aRoutledge´s Hand-Made Paper Editions
_98812
500 _aContenido : Primera parte. Prólogo del autor. Segunda parte. Prólogo del autor
500 _aEdición : With 15 Etchings on Stell by George Cruickshank
500 _aBella edición de la traducción de Jarvis, impresa con finos tipos sobre rico papel de hilo. Va adornada con 15 aguafuertes y está numerada. Este ejemplar lleva el número 15. Tela Lúdovik Osterc
500 _aQM484
546 _aTexto en : inglés
650 1 4 _aNovela española
_yÉpoca clásica, 1500-1700
_9215
650 1 4 _aLiteratura española
_yÉpoca clásica, 1500-1700
_9216
650 1 4 _aNovela española
_ySiglo XVII
_9217
650 1 4 _aDon Quijote (Personaje ficticio)
_eNovela
_9218
700 1 _aJarvis, Charles
_d?-1739
_eTraductor
_98813
700 1 _aCruickshank, George
_d1853-1904
_eIlustrador
_98814
740 0 _aEl Ingenioso Hidalgo Don Quijote de la Mancha
902 _aQFM
942 _2lcc
_cB
999 _c3071
_d3071